Cuenta dada de su vida política por Don Manuel Godoy, Príncipe de la paz, o sean [sic] Memorias críticas y apologéticas para la historia del reinado del Señor D. Carlos IV de Borbón (Record no. 48050)

MARC details
000 -LEADER
campo de control de longitud fija 01130nam a2200265 i 4500
001 - NÚMERO DE CONTROL
campo de control 48050
003 - IDENTIFICADOR DE NÚMERO DE CONTROL
campo de control ES-MaACL
005 - FECHA Y HORA DE LA ÚLTIMA TRANSACCIÓN
campo de control 20240208063106.0
007 - CAMPO FIJO DE DESCRIPCIÓN FÍSICA--INFORMACIÓN GENERAL
campo de control de longitud fija t|
008 - DATOS DE LONGITUD FIJA--INFORMACIÓN GENERAL
campo de control de longitud fija 931025m18361842sp ||||1| spa d
040 ## - FUENTE DE CATALOGACIÓN
Centro/agencia transcriptor ES-MaACL
100 0# - ENTRADA PRINCIPAL--NOMBRE DE PERSONA
Nombre de persona Godoy, Manuel de,
Títulos y otros términos asociados al nombre Príncipe de la Paz
9 (RLIN) 57538
Término indicativo de función/relación Autor
245 10 - MENCIÓN DEL TÍTULO
Título Cuenta dada de su vida política por Don Manuel Godoy, Príncipe de la paz, o sean [sic] Memorias críticas y apologéticas para la historia del reinado del Señor D. Carlos IV de Borbón
246 ## - FORMA VARIANTE DEL TITULO
Título propio/Titulo breve Memorias críticas y apologéticas para la historia del reinado del Señor D. Carlos IV de Borbón
260 ## - PUBLICACIÓN, DISTRIBUCIÓN, ETC.
Lugar de publicación, distribución, etc. Madrid :
Nombre del editor, distribuidor, etc. [s.n.],
Fecha de publicación, distribución, etc. 1836-1842 (
Fabricante Imp. de I. Sancha)
300 ## - DESCRIPCIÓN FÍSICA
Extensión 6 volúmenes ;
Dimensiones 19 cm.
530 ## - NOTA DISPONIBLE DE FORMULARIO FÍSICO ADICIONAL
Nota de formato físico adicional disponible Disponible en formato digital
600 14 - PUNTO DE ACCESO ADICIONAL DE MATERIA--NOMBRE DE PERSONA
Nombre de persona Godoy, Manuel de,
Títulos y otros términos asociados al nombre Príncipe de la Paz
9 (RLIN) 57538
651 #4 - PUNTO DE ACCESO ADICIONAL DE MATERIA--NOMBRE GEOGRÁFICO
Nombre geográfico España-
Subdivisión general Historia-
Subdivisión cronológica 1788-1808, Carlos IV.
9 (RLIN) 8242
852 ## - LOCALIZACIÓN
Ubicación ES-MaACL
Número de control de estantería R-3081-86
856 4# - LOCALIZACIÓN Y ACCESO ELECTRÓNICOS
Identificador Uniforme de Recursos <a href="https://bdh-rd.bne.es/viewer.vm?id=0000132473&page=1">https://bdh-rd.bne.es/viewer.vm?id=0000132473&page=1</a>
Nota pública Biblioteca Digital Hispánica
942 ## - ELEMENTOS DE ENTRADA SECUNDARIOS (KOHA)
Tipo de ítem Koha Libro impreso antiguo
Suprimir en OPAC No
Holdings
Estatus retirado Estado de pérdida Fuente del sistema de clasificación o colocación Estado de daño No para préstamo Colección Biblioteca de origen Biblioteca actual Ubicación en estantería Fecha de adquisición Total de préstamos Signatura topográfica completa Código de barras Visto por última vez Tipo de ítem Koha
    Clasificación decimal universal     Libros del s. XIX Biblioteca del Ateneo de Madrid Biblioteca del Ateneo de Madrid Depósito 17/01/2008   R-3081-86 1050570 23/02/2023 Libro impreso antiguo